000 00653nam a2200229Ia 4500
005 20241129120111.0
008 241129s9999||||xx |||||||||||||| ||und||
020 _a9781319114770
037 _aTB
040 _aSDCL
_beng
_cSDCL
041 _aeng
_2eng
084 _aG:6:f3, R0
_qSDCL
100 _aGriffiths Anthony J.F.; Doebley John; Peichel Catherine; Wassarman David A.
_9729134
245 0 _aIntroduction to genetic analysis
250 _a12th
260 _aNew York
_bMacmillan Learning
_c2020
300 _axx,796p.
365 _aGBP
_b72.99
650 _aGenetics
942 _cTB
_hG:6:f3, R0
999 _c1233335
_d1233335